कथा वल्लरी / (Record no. 13825)

MARC details
000 -LEADER
fixed length control field 00583nam a22002057a 4500
003 - CONTROL NUMBER IDENTIFIER
control field dpl
005 - DATE AND TIME OF LATEST TRANSACTION
control field 20180628154107.0
008 - FIXED-LENGTH DATA ELEMENTS--GENERAL INFORMATION
fixed length control field 080623t xxu||||| |||| 00| 0 hin d
010 ## - LIBRARY OF CONGRESS CONTROL NUMBER
LC control number HIN-45966
020 ## - INTERNATIONAL STANDARD BOOK NUMBER
Terms of availability 30.00
035 ## - SYSTEM CONTROL NUMBER
System control number A-985220
037 ## - SOURCE OF ACQUISITION
Source of stock number/acquisition DBAD
040 ## - CATALOGING SOURCE
Original cataloging agency dpl
Language of cataloging HN
Transcribing agency 0
082 ## - DEWEY DECIMAL CLASSIFICATION NUMBER
Classification number
100 ## - MAIN ENTRY--PERSONAL NAME
Personal name सुनीति
245 ## - TITLE STATEMENT
Title कथा वल्लरी /
Statement of responsibility, etc सुनीति
260 ## - PUBLICATION, DISTRIBUTION, ETC. (IMPRINT)
Place of publication, distribution, etc दिल्ली
Name of publisher, distributor, etc हेमगंगा प्रकाशन
Date of publication, distribution, etc 1999
300 ## - PHYSICAL DESCRIPTION
Extent 72पृ.
Dimensions 22सेमी.
942 ## - ADDED ENTRY ELEMENTS (KOHA)
Koha item type Hindi Books
Source of classification or shelving scheme Dewey Decimal Classification
Classification part
Call number suffix सुनीति
Holdings
Withdrawn status Lost status Damaged status Not for loan Collection code Home library Current library Date acquired Cost, normal purchase price Total Checkouts Full call number Barcode Date last seen Cost, replacement price Price effective from Koha item type Source of classification or shelving scheme Source of acquisition
      Not For Loan Fiction D.B.Act.Division D.B.Act.Division 23/06/2008 30.00   क सुनीति 437 15/09/2008 30.00 15/09/2008 Hindi Books    
        Fiction Shahdara Branch Shahdara Branch 28/06/2018 30.00   क सुनीति A-985220 28/06/2018 30.00 28/06/2018 Hindi Books Dewey Decimal Classification BPPD/PUB

© Delhi Public Library
Hit Counter
free hit counter